Athlétisme : Champions de France du 200 m, Piste - Statistiques

Statistiques générales
  • Ce quiz a été pris 13 fois
  • Le résultat moyen est 18 sur 112
Statistiques - réponses
Année Vainqueur % Correct
2010 | 2011 | 2012 | +3 others Christophe Lemaitre
92%
2016 Jimmy Vicaut
69%
2018 | 2022 Méba-Mickaël Zézé
69%
2023 | 2024 | 2025 Ryan Zézé
69%
2019 | 2021 Mouhamadou Fall
46%
1986 | 1987 Bruno Marie-Rose
31%
2005 | 2008 Ronald Pognon
31%
1988 | 1990 | 1991 | +4 others Jean-Charles Trouabal
23%
1965 | 1966 | 1967 | 1968 Roger Bambuck
23%
1956 | 1959 Abdoulaye Seye
15%
2020 Amaury Golitin
15%
2006 | 2007 David Alerte
15%
1958 | 1961 | 1962 | +2 others Jocelyn Delecour
15%
2009 Martial Mbandjock
15%
1922 | 1923 | 1924 | +3 others André Mourlon
8%
1950 | 1952 Étienne Bally
8%
1946 | 1947 Etienne Bally
8%
1989 Gilles Quénéhervé
8%
1920 Jean-René Seurin
8%
2017 Jeffrey John
8%
1978 | 1979 Pascal Barré
8%
1981 Patrick Barré
8%
1941 | 1942 | 1943 | 1945 René Valmy
8%
2002 | 2003 Aimé-Issa Nthépé
0%
1939 Albert Bucourt
0%
1919 Albert Hemmi
0%
1928 André Cerbonney
0%
1913 André Gauthier
0%
1985 Antoine Richard
0%
1996 | 1997 | 1998 | 2000 Christophe Cheval
0%
2001 Frédéric Krantz
0%
1969 | 1970 | 1971 Gérard Fenouil
0%
1930 | 1931 Gilbert Auvergne
0%
1954 | 1957 Habib Thiam
0%
1982 Hermann Lomba
0%
1938 Jacques Jourdian
0%
1935 Jean Faucillon
0%
1983 | 1984 Jean-Jacques Boussemart
0%
1918 Jean Orabona
0%
1955 Jean-Paul Martin-du-Gard
0%
1951 Jean-Pierre Goudeau
0%
1953 Jean-Pierre Guillon
0%
1974 | 1975 | 1976 | +2 others Joseph Arame
0%
1948 Julien Le Bas
0%
2004 Leslie Djhone
0%
1910 Louis Drothier
0%
1937 Lucien Malfreyt
0%
1973 Lucien Sainte-Rose
0%
1949 Marc Litaudon
0%
1927 Maurice Degrelle
0%
1932 Maurice Rousseaux
0%
1960 Paul Genevay
0%
1934 | 1936 Pierre Dondelinger
0%
1908 | 1911 | 1912 Pierre Failliot
0%
1914 Raoul Parenteau
0%
1921 Raymond Jamois
0%
1972 René Metz
0%
1933 Robert Paul
0%
1999 Thierry Lubin
0%
Aucun quiz correspondant
Distribution des résultats
% des personnes avec chaque résultat
Percentile par nombre de réponses
Votre historique - résultats
Vous n’avez pas pris ce quiz